书目信息 |
| 题名: |
深入嵌入式Java虚拟机
|
|
| 作者: | ;探矽工作室 著 | |
| 分册: | ||
| 出版信息: | 北京 中国铁道出版社 2003 |
|
| 页数: | 346页 | |
| 开本: | 23cm | |
| 丛书名: | ||
| 单 册: | ||
| 中图分类: | TP338 , TP312JA | |
| 科图分类: | ||
| 主题词: | JAVA语言--虚拟处理机 , JAVA语言 , 虚拟处理机 , 软件 | |
| 电子资源: | ||
| ISBN: | 7-113-05214-2 | |
| 000 | 00971nam0 2200301 450 | |
| 000 | 00927nam0 2200277 450 | |
| 000 | 00859nam0 2200253 450 | |
| 000 | 00823nam0 2200241 45 | |
| 005 | 20070602150324.62 | |
| 010 | @a7-113-05214-2@dCNY36.00 | |
| 100 | @a20070518d2003 em y0chiy0120 ea | |
| 101 | 0 | @achi |
| 102 | @aCN@b110000 | |
| 105 | @ay z 000yy | |
| 200 | 1 | @a深入嵌入式Java虚拟机@AShen Ru Qian Ru Shi Java Xu Ni Ji@f探矽工作室著@FTan Xi Gong Zuo Shi Zhu |
| 210 | @a北京@c中国铁道出版社@d2003 | |
| 215 | @a346页@d23cm | |
| 300 | @a科技新贵 | |
| 330 | @a本书以Java虚拟机-KVM为核心,结合丰富的图形,运用通俗易懂的文字,讲述了Java虚拟机的内部实际架构,并深入探讨实际程序的编写原理。 | |
| 606 | 0 | @aJAVA语言@x虚拟处理机 |
| 606 | 0 | @aJAVA语言 |
| 606 | 0 | @a虚拟处理机 |
| 606 | 0 | @a软件 |
| 690 | @aTP338@v4 | |
| 690 | @aTP312JA@v3 | |
| 711 | 02 | @a探矽工作室@ATan Xi Gong Zuo Shi@4著 |
| 801 | 0 | @aCN@bTAOJIN@c20070602 |
| 905 | @a10447@dTP312JA@e571 | |
| 深入嵌入式Java虚拟机/探矽工作室著.-北京:中国铁道出版社,2003 |
| 346页;23cm |
| 科技新贵 |
| ISBN 7-113-05214-2:CNY36.00 |
| 本书以Java虚拟机-KVM为核心,结合丰富的图形,运用通俗易懂的文字,讲述了Java虚拟机的内部实际架构,并深入探讨实际程序的编写原理。 |
| ● |
| 相关链接 |
|
|
|
|
正题名:深入嵌入式Java虚拟机
索取号:TP312JA/571
 
预约/预借
| 序号 | 登录号 | 条形码 | 馆藏地/架位号 | 状态 | 备注 |
| 1 | 0524978 | 205249783 | 第二样本阅览室/ [索取号:TP312JA/571] | 在馆 | |
| 2 | 0524979 | 205249792 | 第三借阅区/ [索取号:TP312JA/571] | 在馆 | |
| 3 | 0524980 | 205249809 | 密集书库/ [索取号:TP312JA/571] | 在馆 | |
| 4 | 0524981 | 205249818 | 第三借阅区/ [索取号:TP312JA/571] | 在馆 | |
| 5 | 0524982 | 205249827 | 第三借阅区/ [索取号:TP312JA/571] | 在馆 | |
| 6 | 0524983 | 205249836 | 第三借阅区/ [索取号:TP312JA/571] | 在馆 | |
| 7 | 0524984 | 205249845 | 密集书库/ [索取号:TP312JA/571] | 在馆 | |
| 8 | 0524985 | 205249854 | 第三借阅区/ [索取号:TP312JA/571] | 在馆 |